[Event "ESP-ch FEDC 28th"]
[Site "Ubeda"]
[Date "2019.11.26"]
[Round "8"]
[White "Rubio Mancebon, Pedro Jose"]
[Black "Merino Gomez, Aurelio"]
[Result "1-0"]
[WhiteElo "1822"]
[BlackElo "1570"]
[PlyCount "75"]
[EventDate "2019.11.19"]
[EventType "swiss"]
[EventRounds "8"]
[EventCountry "ESP"]
[SourceTitle "EXT 2024"]
[Source "ChessBase"]
[SourceDate "2023.10.10"]
[SourceVersion "1"]
[SourceVersionDate "2023.10.10"]
[SourceQuality "1"]

1. d4 g6 2. c4 Bg7 3. Nc3 d6 4. e4 e6 5. Bd3 c5 6. d5 exd5 7. exd5 Nd7 8. Nf3 a6 9. a4 Ngf6 10. h3 0-0 11. 0-0 Re8 12. Bf4 Nf8 13. Qd2 Qc7 14. Rfe1 Bd7 15. Ng5 Nh5 16. Bh2 Bh6 17. f4 Ng7 18. Nge4 Rxe4 19. Nxe4 Bf5 20. Nf6+ Kh8 21. Ng4 Bxd3 22. Qxd3 Nf5 23. Nxh6 Nxh6 24. g4 f5 25. g5 Nf7 26. Re2 Rd8 27. Bg3 h6 28. h4 b5 29. axb5 axb5 30. cxb5 c4 31. Qd4+ Kg8 32. Qf6 Rd7 33. Bf2 Qd8 34. Qxd8 Rxd8 35. Ra7 hxg5 36. hxg5 Nxg5 37. fxg5 Nd7 38. Bd4 1-0

[Event "ESP-ch FEDC 28th"]
[Site "Ubeda"]
[Date "2019.11.25"]
[Round "7"]
[White "Mendez Manturano, Miguel Eduardo"]
[Black "Rubio Mancebon, Pedro Jose"]
[Result "1/2-1/2"]
[WhiteElo "1766"]
[BlackElo "1822"]
[PlyCount "60"]
[EventDate "2019.11.19"]
[EventType "swiss"]
[EventRounds "8"]
[EventCountry "ESP"]
[SourceTitle "EXT 2024"]
[Source "ChessBase"]
[SourceDate "2023.10.10"]
[SourceVersion "1"]
[SourceVersionDate "2023.10.10"]
[SourceQuality "1"]

1. e4 c6 2. f4 d5 3. e5 h5 4. Nf3 e6 5. d4 c5 6. c3 Nc6 7. Be2 g6 8. 0-0 Nh6 9. Na3 Nf5 10. Nc2 Qb6 11. Kh1 h4 12. a3 a5 13. Rb1 a4 14. Ne3 c4 15. Nxf5 exf5 16. Be3 Be7 17. h3 Bd7 18. Bf2 Qd8 19. Ne1 Na5 20. Bf3 Bc6 21. Nc2 Nb3 22. Qe1 Qd7 23. Rd1 0-0-0 24. Ne3 Na5 25. Qe2 Qe6 26. Rfe1 Nb3 27. Qc2 Kb8 28. Re2 Ka8 29. Rde1 Kb8 30. Kh2 Rh7 1/2-1/2

[Event "ESP-ch FEDC 27th"]
[Site "Almunecar"]
[Date "2018.11.29"]
[Round "4"]
[White "Rubio Mancebon, Pedro Jose"]
[Black "Barroso Vilanova, Daniel"]
[Result "1/2-1/2"]
[WhiteElo "1920"]
[BlackElo "1547"]
[PlyCount "78"]
[EventDate "2018.11.26"]
[EventType "swiss"]
[EventRounds "8"]
[EventCountry "ESP"]
[SourceTitle "EXT 2024"]
[Source "ChessBase"]
[SourceDate "2023.10.10"]
[SourceVersion "1"]
[SourceVersionDate "2023.10.10"]
[SourceQuality "1"]

1. d4 d5 2. Nf3 Nf6 3. c4 e6 4. Nc3 Be7 5. Bg5 0-0 6. Qc2 b6 7. e3 Bb7 8. Bd3 dxc4 9. Bxc4 Nbd7 10. e4 a6 11. 0-0 b5 12. Bd3 h6 13. Bh4 c5 14. e5 Nd5 15. Bxe7 Qxe7 16. Nxd5 Bxd5 17. Be4 Bxe4 18. Qxe4 cxd4 19. Qxd4 Rfd8 20. Qe3 Qb4 21. Qe2 Rac8 22. Rac1 Nb6 23. b3 Nd5 24. g3 Rc3 25. Rcd1 Rdc8 26. Nd4 Qa3 27. Rd2 Rc1 28. Rxc1 Rxc1+ 29. Kg2 Nc3 30. Qg4 Qc5 31. Nxe6 Qc6+ 32. f3 Qxe6 33. Qf4 Nd5 34. Rxd5 Rc2+ 35. Rd2 Rxd2+ 36. Qxd2 Qxe5 37. Qd8+ Kh7 38. Qd3+ g6 39. Qc2 Qe6 1/2-1/2

[Event "ESP-ch FEDC 27th"]
[Site "Almunecar"]
[Date "2018.11.26"]
[Round "1"]
[White "Munoz Perez, Javier C"]
[Black "Rubio Mancebon, Pedro Jose"]
[Result "1/2-1/2"]
[WhiteElo "1545"]
[BlackElo "1920"]
[PlyCount "116"]
[EventDate "2018.11.26"]
[EventType "swiss"]
[EventRounds "8"]
[EventCountry "ESP"]
[SourceTitle "EXT 2024"]
[Source "ChessBase"]
[SourceDate "2023.10.10"]
[SourceVersion "1"]
[SourceVersionDate "2023.10.10"]
[SourceQuality "1"]

1. e4 c6 2. d4 d5 3. e5 Bf5 4. Nf3 e6 5. Be2 Ne7 6. 0-0 h6 7. c4 dxc4 8. Bxc4 Nd7 9. Nc3 Nb6 10. Bb3 Ned5 11. Nxd5 Nxd5 12. Bc2 Bxc2 13. Qxc2 Be7 14. a3 0-0 15. Qe4 Qb6 16. Qg4 Kh8 17. Qh5 Kh7 18. g4 Qb3 19. g5 Qd3 20. gxh6 g6 21. Qh3 Qf5 22. Qxf5 gxf5 23. Bd2 Rg8+ 24. Kh1 f4 25. Rg1 Kxh6 26. Rxg8 Rxg8 27. Rg1 Rxg1+ 28. Kxg1 Kg6 29. Kf1 Kf5 30. h3 f6 31. Ke2 fxe5 32. dxe5 Ke4 33. h4 Kf5 34. h5 Bf8 35. Nh4+ Kg5 36. Ng6 Bh6 37. Kf3 Kxh5 38. Nxf4+ Bxf4 39. Bxf4 Kg6 40. Ke4 Kf7 41. Be3 b6 42. f4 Kg6 43. Bd2 Ne7 44. b3 Nf5 45. b4 Kf7 46. Be3 Ke8 47. a4 Nxe3 48. Kxe3 Kd7 49. Kd4 Ke7 50. a5 Kf7 51. Ke3 Kg7 52. Kd4 Kg6 53. Ke4 Kf7 54. f5 exf5+ 55. Kxf5 c5 56. axb6 axb6 57. e6+ Ke7 58. bxc5 bxc5 1/2-1/2

[Event "Madrid FEDC-ch 25th"]
[Site "Madrid"]
[Date "2016.11.13"]
[Round "8"]
[White "Rubio Mancebon, Pedro Jose"]
[Black "Fernandez Lago, David"]
[Result "0-1"]
[WhiteElo "1921"]
[BlackElo "2011"]
[PlyCount "70"]
[EventDate "2016.11.06"]
[EventType "swiss"]
[EventRounds "8"]
[EventCountry "ESP"]
[SourceTitle "CBM 175 Extra"]
[Source "ChessBase"]
[SourceDate "2016.12.12"]
[SourceVersion "1"]
[SourceVersionDate "2016.12.12"]
[SourceQuality "1"]

1. d4 Nf6 2. Nf3 c5 3. d5 e6 4. c4 b5 5. Qc2 bxc4 6. dxe6 fxe6 7. Qxc4 d5 8. Qc2 Bd6 9. g3 0-0 10. Bg2 Bb7 11. 0-0 Nbd7 12. b3 Qe8 13. Bb2 e5 14. Nc3 e4 15. Ne1 Qh5 16. f3 Rae8 17. Nb5 Bb8 18. a4 a6 19. Na3 Ne5 20. Bxe5 Bxe5 21. Rd1 Bd4+ 22. Kh1 Bc8 23. Nb1 Bf5 24. Qd2 e3 25. Qa2 Qg6 26. Na3 h5 27. Nac2 h4 28. Nxd4 cxd4 29. gxh4 Nh5 30. Rxd4 Qf6 31. Rg4 Bxg4 32. fxg4 Qxh4 33. Bf3 Ng3+ 34. Kg2 Nxf1 35. Bxd5+ Kh8 0-1

[Event "Madrid FEDC-ch 25th"]
[Site "Madrid"]
[Date "2016.11.11"]
[Round "6"]
[White "Rubio Mancebon, Pedro Jose"]
[Black "Septien Lopez, Valeriano"]
[Result "1/2-1/2"]
[WhiteElo "1921"]
[BlackElo "1843"]
[PlyCount "69"]
[EventDate "2016.11.06"]
[EventType "swiss"]
[EventRounds "8"]
[EventCountry "ESP"]
[SourceTitle "CBM 175 Extra"]
[Source "ChessBase"]
[SourceDate "2016.12.12"]
[SourceVersion "1"]
[SourceVersionDate "2016.12.12"]
[SourceQuality "1"]

1. d4 Nf6 2. c4 c5 3. d5 e6 4. Nc3 exd5 5. cxd5 d6 6. Nf3 g6 7. h3 Bg7 8. e4 0-0 9. Bd3 b5 10. Bxb5 Nxe4 11. Nxe4 Qa5+ 12. Nc3 Bxc3+ 13. bxc3 Qxb5 14. Be3 Ba6 15. Rb1 Qd3 16. Qxd3 Bxd3 17. Rb2 Nd7 18. Kd2 Be4 19. c4 Rab8 20. Rb3 Bxf3 21. gxf3 Ne5 22. Kc3 a5 23. f4 Nd7 24. Rhb1 a4 25. Rxb8 Rxb8 26. Rxb8+ Nxb8 27. f5 Kf8 28. fxg6 hxg6 29. Kd3 Nd7 30. Bf4 Ke7 31. Kc3 f5 32. Bg5+ Ke8 33. Bf4 Ke7 34. Bg5+ Ke8 35. Bf4 1/2-1/2

[Event "Benidorm FEDC op 14th"]
[Site "Benidorm"]
[Date "2014.06.14"]
[Round "7"]
[White "Rubio Mancebon, Pedro Jose"]
[Black "Pimienta Sanchez, Manuel"]
[Result "1-0"]
[WhiteElo "1921"]
[BlackElo "1809"]
[PlyCount "65"]
[EventDate "2014.06.08"]
[EventType "swiss"]
[EventRounds "7"]
[EventCountry "ESP"]
[SourceTitle "EXT 2016"]
[Source "ChessBase"]
[SourceDate "2015.10.08"]
[SourceVersion "1"]
[SourceVersionDate "2015.10.08"]
[SourceQuality "1"]

1. d4 g6 2. c4 Bg7 3. e4 d6 4. Nc3 Nd7 5. Nf3 c5 6. Be2 cxd4 7. Nxd4 Ngf6 8. 0-0 Nc5 9. f3 0-0 10. Kh1 Bd7 11. Rb1 Ne6 12. Be3 Nh5 13. Nxe6 Bxe6 14. Qd2 Qc8 15. Nd5 Bxd5 16. cxd5 Nf6 17. Rfc1 Qd7 18. Rc4 Rfc8 19. Rbc1 Rxc4 20. Rxc4 a6 21. Qc2 Ne8 22. b3 Qd8 23. b4 Kf8 24. f4 h5 25. Qc1 Qd7 26. Qc2 Kg8 27. f5 e5 28. dxe6 fxe6 29. fxg6 Qe7 30. Rc8 Rxc8 31. Qxc8 Kf8 32. Bc4 d5 33. Bc5 1-0

[Event "Benidorm FEDC op 14th"]
[Site "Benidorm"]
[Date "2014.06.11"]
[Round "4"]
[White "Redondo Maguregui, Juan Manuel"]
[Black "Rubio Mancebon, Pedro Jose"]
[Result "0-1"]
[WhiteElo "1761"]
[BlackElo "1921"]
[PlyCount "70"]
[EventDate "2014.06.08"]
[EventType "swiss"]
[EventRounds "7"]
[EventCountry "ESP"]
[SourceTitle "EXT 2016"]
[Source "ChessBase"]
[SourceDate "2015.10.08"]
[SourceVersion "1"]
[SourceVersionDate "2015.10.08"]
[SourceQuality "1"]

1. c4 e6 2. Nf3 d5 3. Nc3 Nf6 4. e3 Be7 5. a3 c5 6. d4 cxd4 7. exd4 0-0 8. c5 b6 9. b4 a5 10. Bb2 Nfd7 11. Bd3 Bf6 12. 0-0 axb4 13. axb4 Rxa1 14. Qxa1 Nc6 15. Na2 bxc5 16. dxc5 e5 17. Bb5 e4 18. Bxc6 Bxb2 19. Qxb2 exf3 20. Bxd5 Nxc5 21. Rd1 Ne6 22. Bxf3 Qb6 23. Nc3 Bb7 24. Nd5 Bxd5 25. Bxd5 Nf4 26. Bf3 Ne6 27. g3 h6 28. b5 Rb8 29. Be2 Ng5 30. Rd4 Re8 31. Kg2 Rxe2 32. Qxe2 Qxd4 33. h4 Qe4+ 34. Qxe4 Nxe4 35. b6 Nd6 0-1

[Event "Benidorm FEDC op 14th"]
[Site "Benidorm"]
[Date "2014.06.10"]
[Round "3"]
[White "Rubio Mancebon, Pedro Jose"]
[Black "Espadina Solano, Jaime E"]
[Result "1-0"]
[WhiteElo "1921"]
[BlackElo "1736"]
[PlyCount "85"]
[EventDate "2014.06.08"]
[EventType "swiss"]
[EventRounds "7"]
[EventCountry "ESP"]
[SourceTitle "EXT 2016"]
[Source "ChessBase"]
[SourceDate "2015.10.08"]
[SourceVersion "1"]
[SourceVersionDate "2015.10.08"]
[SourceQuality "1"]

1. d4 Nf6 2. c4 g6 3. Nc3 Bg7 4. e4 d6 5. Nf3 0-0 6. Be2 e5 7. 0-0 Na6 8. Re1 c6 9. d5 cxd5 10. cxd5 Qe7 11. Bg5 h6 12. Bd2 Nc5 13. Qc2 Bg4 14. b4 Ncd7 15. h3 Bxf3 16. Bxf3 Nb6 17. Qb3 Rfc8 18. Be2 Nfd7 19. Bd3 g5 20. Ne2 Nf8 21. Ng3 Ng6 22. Nf5 Qf6 23. a4 Ne7 24. Nxg7 Kxg7 25. a5 Nd7 26. a6 b6 27. Bb5 Nf8 28. Rac1 Nfg6 29. Bd7 Rxc1 30. Rxc1 Nf4 31. Qf3 Nfg6 32. Qxf6+ Kxf6 33. g3 Nf8 34. Bg4 Kg7 35. Rc7 Kf6 36. h4 Ng8 37. hxg5+ hxg5 38. Bc8 Kg6 39. Bb7 Re8 40. Be3 Nf6 41. Bxb6 axb6 42. a7 Nxe4 43. Rc8 1-0

[Event "Benidorm FEDC op 14th"]
[Site "Benidorm"]
[Date "2014.06.09"]
[Round "2"]
[White "Oviedo Granado, Juan"]
[Black "Rubio Mancebon, Pedro Jose"]
[Result "1/2-1/2"]
[WhiteElo "1715"]
[BlackElo "1921"]
[PlyCount "43"]
[EventDate "2014.06.08"]
[EventType "swiss"]
[EventRounds "7"]
[EventCountry "ESP"]
[SourceTitle "EXT 2016"]
[Source "ChessBase"]
[SourceDate "2015.10.08"]
[SourceVersion "1"]
[SourceVersionDate "2015.10.08"]
[SourceQuality "1"]

1. e4 c6 2. Nf3 d5 3. exd5 cxd5 4. d4 Nc6 5. c3 Nf6 6. Be2 Bf5 7. 0-0 e6 8. h3 Be7 9. Re1 0-0 10. Nh4 Bg6 11. Nxg6 hxg6 12. Bf3 b5 13. a3 a5 14. Bf4 Qb6 15. Nd2 a4 16. Qe2 Na5 17. g4 Rfe8 18. Kg2 Nc4 19. Nxc4 bxc4 20. Rab1 Nd7 21. g5 Nf8 22. h4 1/2-1/2

[Event "Valladolid Once-ch 23rd"]
[Site "Valladolid"]
[Date "2012.11.22"]
[Round "5"]
[White "Gutierrez Garcia, Julio"]
[Black "Rubio Mancebon, Pedro Jose"]
[Result "1/2-1/2"]
[WhiteElo "1650"]
[BlackElo "1953"]
[PlyCount "47"]
[EventDate "2012.11.18"]
[EventType "swiss"]
[EventRounds "8"]
[EventCountry "ESP"]
[SourceTitle "CBM 151 Extra"]
[Source "ChessBase"]
[SourceDate "2012.12.18"]
[SourceVersion "1"]
[SourceVersionDate "2012.12.18"]
[SourceQuality "1"]

1. c4 e6 2. d4 d5 3. Nc3 Nf6 4. Bg5 Nbd7 5. cxd5 exd5 6. e3 c6 7. Bd3 Be7 8. Qc2 0-0 9. Nge2 Re8 10. 0-0 Ne4 11. Bxe7 Qxe7 12. Ng3 Ndf6 13. Rae1 Nxc3 14. bxc3 h5 15. e4 dxe4 16. Nxe4 Nxe4 17. Rxe4 Qf8 18. Rfe1 Bf5 19. R4e3 Rxe3 20. Rxe3 Bxd3 21. Qxd3 Re8 22. h4 g6 23. Qe2 Rxe3 24. Qxe3 1/2-1/2

[Event "Valladolid Once-ch 23rd"]
[Site "Valladolid"]
[Date "2012.11.20"]
[Round "3"]
[White "Garcia Cervigon, Cecilio"]
[Black "Rubio Mancebon, Pedro Jose"]
[Result "1/2-1/2"]
[WhiteElo "1824"]
[BlackElo "1953"]
[PlyCount "35"]
[EventDate "2012.11.18"]
[EventType "swiss"]
[EventRounds "8"]
[EventCountry "ESP"]
[SourceTitle "CBM 151 Extra"]
[Source "ChessBase"]
[SourceDate "2012.12.18"]
[SourceVersion "1"]
[SourceVersionDate "2012.12.18"]
[SourceQuality "1"]

1. e4 c6 2. d4 d5 3. Nc3 dxe4 4. Nxe4 Bf5 5. Ng3 Bg6 6. h4 h6 7. h5 Bh7 8. Bd3 Bxd3 9. Qxd3 Nf6 10. Nf3 Nbd7 11. Bf4 Qa5+ 12. Bd2 Qc7 13. Ne4 e6 14. 0-0-0 0-0-0 15. c3 Nxe4 16. Qxe4 Bd6 17. Rde1 Rhe8 18. Kb1 1/2-1/2

[Event "Benidorm FEDC op 12th"]
[Site "Benidorm"]
[Date "2012.06.18"]
[Round "2.2"]
[White "Delgado Lagares, Francisco Javier"]
[Black "Rubio Mancebon, Pedro Jose"]
[Result "1/2-1/2"]
[WhiteElo "1697"]
[BlackElo "1924"]
[PlyCount "95"]
[EventDate "2012.06.17"]
[EventType "swiss"]
[EventRounds "7"]
[EventCountry "ESP"]
[SourceTitle "EXT 2024"]
[Source "ChessBase"]
[SourceDate "2023.10.10"]
[SourceVersion "1"]
[SourceVersionDate "2023.10.10"]
[SourceQuality "1"]

1. e4 c6 2. d4 d5 3. Nc3 dxe4 4. Nxe4 Bf5 5. Ng3 Bg6 6. Nf3 Nd7 7. Bd3 Qc7 8. b3 e6 9. Bxg6 hxg6 10. Qd2 Ngf6 11. Bb2 Bd6 12. h3 Bxg3 13. fxg3 Qxg3+ 14. Qf2 Ne4 15. Qxg3 Nxg3 16. Rg1 Rh5 17. c4 a5 18. Kf2 Ne4+ 19. Ke3 Nef6 20. Rge1 a4 21. Bc3 b5 22. Bb4 bxc4 23. bxc4 Nb6 24. Kd3 Nfd7 25. Bd6 a3 26. Rab1 Rha5 27. Bc7 R5a6 28. Ne5 Nxe5+ 29. Rxe5 Nd7 30. Re3 Ke7 31. Kc2 R6a7 32. Bf4 f6 33. h4 Kf7 34. Bd6 Re8 35. Rxa3 Rxa3 36. Bxa3 e5 37. dxe5 Nxe5 38. Kc3 Rd8 39. Bc1 Rd3+ 40. Kb4 Rd4 41. g3 Rxc4+ 42. Kb3 Re4 43. a4 Nc4 44. Ra1 Na5+ 45. Kc3 c5 46. Bf4 Rc4+ 47. Kd3 Rd4+ 48. Kc3 1/2-1/2

[Event "Benidorm op U2200 10th"]
[Site "Benidorm"]
[Date "2011.12.08"]
[Round "8"]
[White "Rubio Mancebon, Pedro Jose"]
[Black "Arroyo Rodriguez, Jesus"]
[Result "0-1"]
[WhiteElo "1891"]
[BlackElo "1980"]
[PlyCount "108"]
[EventDate "2011.12.02"]
[EventType "swiss"]
[EventRounds "10"]
[EventCountry "ESP"]
[SourceTitle "CBM 145 Extra"]
[Source "ChessBase"]
[SourceDate "2012.01.03"]
[SourceVersion "1"]
[SourceVersionDate "2012.01.03"]
[SourceQuality "1"]

1. d4 d5 2. Nf3 e6 3. c4 c6 4. g3 f5 5. Bg2 Nf6 6. 0-0 Be7 7. b3 0-0 8. Ba3 Bd7 9. Qc1 Be8 10. Bxe7 Qxe7 11. Ne5 Nbd7 12. Nd3 h6 13. Nd2 g5 14. Nf3 Bh5 15. Qb2 Rae8 16. Nfe5 Nxe5 17. Nxe5 Nd7 18. Bf3 g4 19. Bg2 Nxe5 20. dxe5 f4 21. gxf4 Rxf4 22. e3 Rf5 23. e4 dxe4 24. Bxe4 Rf4 25. Bg2 Ref8 26. Rad1 Qg5 27. Rd7 R4f7 28. Rxf7 Rxf7 29. Qd4 a6 30. Re1 Bg6 31. Rd1 Kg7 32. b4 h5 33. a4 h4 34. b5 Bc2 35. Ra1 h3 36. Bf1 Qf5 37. Qe3 Be4 38. Re1 Bc2 39. bxa6 bxa6 40. a5 Rd7 41. Kh1 Kf7 42. Kg1 Bb1 43. Qc1 Rb7 44. Qd2 Be4 45. Qe3 Rb2 46. Be2 Ra2 47. Bf1 Kg8 48. Be2 Bg2 49. Qd4 Rxe2 50. Qd8+ Kf7 51. Qd7+ Kg6 52. Qe8+ Kg5 53. Qd8+ Kf4 54. Qd4+ Qe4 0-1

[Event "Salou op 14th"]
[Site "Salou"]
[Date "2011.06.21"]
[Round "3"]
[White "Rubio Mancebon, Pedro Jose"]
[Black "Aragon Pons, Domingo"]
[Result "1/2-1/2"]
[WhiteElo "1865"]
[BlackElo "1719"]
[PlyCount "48"]
[EventDate "2011.06.19"]
[EventType "swiss"]
[EventRounds "7"]
[EventCountry "ESP"]
[SourceTitle "CBM 143 Extra"]
[Source "ChessBase"]
[SourceDate "2011.08.29"]
[SourceVersion "1"]
[SourceVersionDate "2011.08.29"]
[SourceQuality "1"]

1. d4 Nf6 2. Nf3 d5 3. c4 c6 4. Nc3 e6 5. e3 Bd6 6. Qc2 Nbd7 7. Be2 a6 8. a4 0-0 9. 0-0 Qc7 10. e4 dxe4 11. Nxe4 Nxe4 12. Qxe4 Nf6 13. Qh4 Be7 14. Bd3 Qd8 15. Bg5 g6 16. Rad1 Re8 17. Rfe1 Nh5 18. d5 cxd5 19. cxd5 Bxg5 20. Nxg5 h6 21. Nf3 Qxh4 22. Nxh4 Bd7 23. dxe6 Bxe6 24. a5 Rac8 1/2-1/2

[Event "ESP-ch blind 22nd"]
[Site "Benidorm"]
[Date "2010.11.20"]
[Round "7"]
[White "Rubio Mancebon, Pedro Jose"]
[Black "Redondo Maguregui, Juan Manuel"]
[Result "1-0"]
[WhiteElo "1875"]
[BlackElo "1694"]
[PlyCount "50"]
[EventDate "2010.11.14"]
[EventType "swiss"]
[EventRounds "8"]
[EventCountry "ESP"]
[SourceTitle "CBM 139 Extra"]
[Source "ChessBase"]
[SourceDate "2011.01.05"]
[SourceVersion "1"]
[SourceVersionDate "2011.01.05"]
[SourceQuality "1"]

1. d4 c5 2. d5 d6 3. c4 g6 4. Nc3 Bg7 5. Bd2 Na6 6. e4 Nc7 7. Nf3 a6 8. a4 Bd7 9. Rb1 Nf6 10. Be2 0-0 11. 0-0 Rb8 12. b4 b6 13. bxc5 bxc5 14. Qc2 Ng4 15. Rxb8 Qxb8 16. Rb1 Qc8 17. Bd3 e6 18. Qb3 exd5 19. exd5 Bf5 20. Ne4 Qd7 21. Qb6 Ne5 22. Nxe5 Bxe5 23. Qc6 Qxc6 24. dxc6 d5 25. cxd5 Bd4 1-0

[Event "ESP-ch blind 22nd"]
[Site "Benidorm"]
[Date "2010.11.18"]
[Round "5"]
[White "Rubio Mancebon, Pedro Jose"]
[Black "Rousse Mayol, Ricard"]
[Result "0-1"]
[WhiteElo "1875"]
[BlackElo "1907"]
[PlyCount "35"]
[EventDate "2010.11.14"]
[EventType "swiss"]
[EventRounds "8"]
[EventCountry "ESP"]
[SourceTitle "CBM 139 Extra"]
[Source "ChessBase"]
[SourceDate "2011.01.05"]
[SourceVersion "1"]
[SourceVersionDate "2011.01.05"]
[SourceQuality "1"]

1. d4 Nf6 2. Nf3 g6 3. c4 d6 4. Nc3 Bg7 5. e4 0-0 6. h3 Nbd7 7. Be3 c5 8. d5 a6 9. a4 Qc7 10. Be2 Ne8 11. 0-0 e6 12. Qd2 Ne5 13. Nxe5 Bxe5 14. f4 Bg7 15. e5 dxe5 16. Ne4 Nd6 17. Nxc5 exd5 18. fxe5 0-1

[Event "Salou op 12th"]
[Site "Salou"]
[Date "2010.06.17"]
[Round "5"]
[White "Escalante Ortega, Fernando"]
[Black "Rubio Mancebon, Pedro Jose"]
[Result "1/2-1/2"]
[WhiteElo "1853"]
[BlackElo "1912"]
[PlyCount "23"]
[EventDate "2010.06.13"]
[EventType "swiss"]
[EventRounds "7"]
[EventCountry "ESP"]
[SourceTitle "CBM 137 Extra"]
[Source "ChessBase"]
[SourceDate "2010.09.01"]
[SourceVersion "1"]
[SourceVersionDate "2010.09.01"]
[SourceQuality "1"]

1. e4 e6 2. Nf3 d5 3. Nc3 c5 4. d4 dxe4 5. Nxe4 Nd7 6. Bd3 Ngf6 7. 0-0 Nxe4 8. Bxe4 Nf6 9. Bd3 Be7 10. c3 0-0 11. Qc2 Qc7 12. b3 1/2-1/2

[Event "ESP-chT2 Once"]
[Site "Fuengirola"]
[Date "2009.11.27"]
[Round "6.2"]
[White "Ampudia Asensio, Jose Luis"]
[Black "Rubio Mancebon, Pedro Jose"]
[Result "1-0"]
[WhiteElo "1591"]
[BlackElo "1940"]
[PlyCount "107"]
[EventDate "2009.11.22"]
[EventType "team-tourn"]
[EventRounds "7"]
[EventCountry "ESP"]
[SourceTitle "CBM 133 Extra"]
[Source "ChessBase"]
[SourceDate "2010.01.05"]
[SourceVersion "1"]
[SourceVersionDate "2010.01.05"]
[SourceQuality "1"]

1. d4 d5 2. Nf3 Nf6 3. c4 c6 4. Qc2 e6 5. g3 Nbd7 6. Bg2 Bd6 7. 0-0 0-0 8. Bg5 h6 9. Bxf6 Nxf6 10. Nbd2 Qc7 11. e4 dxe4 12. Nxe4 Be7 13. Rac1 Rb8 14. Rfd1 Nxe4 15. Qxe4 Bf6 16. Ne5 c5 17. f4 cxd4 18. Qxd4 b6 19. Qd6 Qxd6 20. Rxd6 Ba6 21. Rd7 Bxe5 22. fxe5 Rbc8 23. b3 Rc5 24. Rxa7 Bc8 25. Re1 Rd8 26. Kf2 Rd2+ 27. Re2 Rxe2+ 28. Kxe2 Rxe5+ 29. Kd3 Ra5 30. Rxa5 bxa5 31. a3 Kf8 32. b4 axb4 33. axb4 e5 34. b5 f5 35. c5 Ke7 36. Bd5 e4+ 37. Kd4 Kd8 38. b6 Ba6 39. Be6 Bc8 40. b7 Bxb7 41. Bxf5 Ke7 42. Bxe4 Bc8 43. Ke5 g5 44. c6 h5 45. Bf5 Ba6 46. c7 Kf7 47. c8Q Bxc8 48. Bxc8 Kg6 49. Bf5+ Kg7 50. Be4 h4 51. Kf5 Kh6 52. Kg4 Kg7 53. Kxg5 hxg3 54. hxg3 1-0

[Event "ESP-chT2 Once"]
[Site "Fuengirola"]
[Date "2009.11.22"]
[Round "1.2"]
[White "Escabias Perez, Miguel"]
[Black "Rubio Mancebon, Pedro Jose"]
[Result "1/2-1/2"]
[WhiteElo "1733"]
[BlackElo "1940"]
[PlyCount "63"]
[EventDate "2009.11.22"]
[EventType "team-tourn"]
[EventRounds "7"]
[EventCountry "ESP"]
[SourceTitle "CBM 133 Extra"]
[Source "ChessBase"]
[SourceDate "2010.01.05"]
[SourceVersion "1"]
[SourceVersionDate "2010.01.05"]
[SourceQuality "1"]

1. e4 c6 2. d4 d5 3. Nc3 dxe4 4. Nxe4 Bf5 5. Ng3 Bg6 6. Nf3 Nd7 7. Bd3 Bxd3 8. Qxd3 e6 9. 0-0 Qc7 10. Re1 0-0-0 11. Qb3 Ngf6 12. a4 Bd6 13. a5 a6 14. Ne4 Nxe4 15. Rxe4 Nf6 16. Re1 Ng4 17. g3 h5 18. Nh4 Be7 19. Bf4 Bd6 20. Bxd6 Rxd6 21. Ra4 Rd5 22. Qc3 Rhd8 23. Ng2 Qd6 24. Rd1 e5 25. Qf3 exd4 26. Nf4 Qf6 27. Rd3 Ne5 28. Qg2 Nxd3 29. Nxd5 Qxf2+ 30. Qxf2 Nxf2 31. Nb6+ Kc7 32. Kxf2 1/2-1/2

[Event "ESP-ch Ciegos"]
[Site "Cordoba"]
[Date "2006.11.22"]
[Round "4"]
[White "Rousse Mayol, Ricard"]
[Black "Rubio Mancebon, Pedro Jose"]
[Result "1-0"]
[WhiteElo "1931"]
[BlackElo "1981"]
[PlyCount "63"]
[EventDate "2006.11.19"]
[EventType "swiss"]
[EventRounds "9"]
[EventCountry "ESP"]
[SourceTitle "EXT 2008"]
[Source "ChessBase"]
[SourceDate "2007.11.25"]
[SourceVersion "1"]
[SourceVersionDate "2007.11.25"]
[SourceQuality "1"]

1. Nf3 d5 2. d4 Nf6 3. g3 Bg4 4. Bg2 Nbd7 5. c4 c6 6. cxd5 cxd5 7. Nc3 e6 8. 0-0 Be7 9. Bf4 0-0 10. Rc1 Qa5 11. Qb3 Qb6 12. Nb5 a6 13. Nc3 Qa7 14. Rfd1 Rfc8 15. Ne5 Nxe5 16. Bxe5 Nd7 17. Bf4 Rc6 18. f3 Bh5 19. Be3 Rac8 20. Bf2 Rc4 21. a3 b5 22. g4 Bg6 23. e4 b4 24. axb4 Rxb4 25. Qa2 Qb7 26. exd5 Rxb2 27. Qa1 Bg5 28. f4 Qb3 29. Na4 Rxf2 30. Rxc8+ Nf8 31. Kxf2 Bxf4 32. Rc3 1-0

[Event "ESP-ch Ciegos"]
[Site "Cordoba"]
[Date "2006.11.20"]
[Round "2"]
[White "Desanjose Candalija, Eduardo"]
[Black "Rubio Mancebon, Pedro Jose"]
[Result "1-0"]
[WhiteElo "2261"]
[BlackElo "1981"]
[PlyCount "67"]
[EventDate "2006.11.19"]
[EventType "swiss"]
[EventRounds "9"]
[EventCountry "ESP"]
[SourceTitle "EXT 2008"]
[Source "ChessBase"]
[SourceDate "2007.11.25"]
[SourceVersion "1"]
[SourceVersionDate "2007.11.25"]
[SourceQuality "1"]

1. e4 c6 2. d4 d5 3. Nd2 dxe4 4. Nxe4 Bf5 5. Ng3 Bg6 6. h4 h6 7. Nf3 Nd7 8. h5 Bh7 9. Bd3 Bxd3 10. Qxd3 e6 11. Bf4 Qa5+ 12. Bd2 Qc7 13. 0-0-0 Ngf6 14. Ne4 0-0-0 15. g3 Nc5 16. Nxc5 Bxc5 17. c4 Rd7 18. Bc3 Rhd8 19. Qe2 Bd6 20. Ne5 Bxe5 21. dxe5 Rxd1+ 22. Rxd1 Rxd1+ 23. Kxd1 Ne8 24. Kc2 c5 25. Qe4 Qd7 26. b3 Kc7 27. g4 Qe7 28. a3 Qd7 29. b4 Qa4+ 30. Kb2 cxb4 31. axb4 Qd1 32. b5 Qa4 33. Qf4 Kd8 34. Qd4+ 1-0